The technics of violoncello playing. Second edition

Gorde:
Xehetasun bibliografikoak
Egile nagusia: Straeten, E. van der (Egilea)
Formatua: Liburua
Hizkuntza:ingelesa
Argitaratua: Londres Charles Scribner's sons 1905
Edizioa:2a. ed
Saila:Strad, 5
Gaiak:
Etiketak: Etiketa erantsi
Etiketarik gabe, Izan zaitez lehena erregistro honi etiketa jartzen!

MARC

LEADER 00000nam a2200000 a 4500
001 UCJ7277
003 CL-VaPUC
008 070124e19050000UK |||||||||||||||||eng|d
082 0 4 |a 780  |b STR  |2 21 
100 0 |a Straeten, E. van der  |e author  |9 515554 
245 1 4 |a The technics of violoncello playing. Second edition 
250 |a 2a. ed 
300 |a 149 p 
942 |c BK 
945 |d 20070124 00:00:00  |a rinostro 
260 |a Londres  |b Charles Scribner's sons  |c 1905 
500 |a Fotografía del autor.- Ilustraciones y partituras sin indizar 
650 0 |a Instrumentos musicales  |9 306600 
650 0 |a Violoncello  |9 332572 
650 0 |a Partituras  |9 324008 
650 0 |a Ilustraciones  |9 369481 
650 0 |a Iconografía   |9 267998 
583 |a last modification  |c 20070124 00:00:00  |k Rodrigo Vera 
490 0 |a Strad, 5 
999 |c 323373  |d 323371 
952 |0 0  |1 0  |4 0  |6 780_000000000000000_STR_1905  |7 0  |8 X  |9 402929  |a FDOBUD  |b FDOBUD  |d 2019-11-22  |i 1060937  |o 780 STR 1905  |p 1060937  |r 2019-11-22  |w 2019-11-22  |y BK_X  |k BUD